000 04749cam a22012254i 4500
003 PE-LiUPU
005 20250813185426.0
008 190110s2015 mx a rb 001 0 spa d
020 _a6071722748
020 _a9786071722744
035 _a(Sirsi) a251340
040 _aPE-LiUPU
_bspa
_cPE-LiUPU
_erda
049 _aPRUA
082 0 4 _a362.8292
_bS23
_220
100 1 _aSánchez Fernandez, Elda María Luisa,
_eautor.
245 1 0 _aCómo eliminar la violencia familiar :
_bsi me pegas... ¿te quedas?/
_cElda María Luisa Sánchez Fernandez.
250 _aPrimera edición, mayo 2015.
264 1 _aMéxico :
_bEditorial Trillas,
_c2015.
300 _a216 páginas :
_bilustraciones ;
_c23 centímetros
336 _atext
_2rdacontent
337 _aunmediated
_2rdamedia
338 _avolume
_2rdacarrier
504 _aBibliografía: páginas 211-212.
504 _aÍndice: páginas 213-216.
505 0 _aIntroducción -- Clasificación de la violencia -- Violencia -- Algunos enfoques -- Análisis transaccional -- Violencia familiar -- Sus víctimas Modelos aprendidos -- Clasificación de la violencia -- Violencia emocional -- Violencia verbal -- Violencia física -- Violencia por emisión -- Violencia sexual -- Violencia patrimonial -- Violencia sutil -- Víctima pasiva o sumisa -- Abusos del generador a la víctima -- ¿Es asertivo agredir al generador? -- ¿Por qué las mujeres no dejan al agresor? -- SOS -- Síndrome de maltrato -- Consideraciones de la víctima -- Repercusiones en su conducta -- Trastornos psicosomáticos e infecciones -- Perfil de víctima mujer -- Víctima activa o rebelde -- Orígenes del generador de violencia -- Factores desencadenantes de violencia -- Busco chivo expiatorio de mi dolor -- Doble actuación -- Características de generadores de violencia -- Justificaciones -- Perfil de víctima hombre -- Detección de probables generadores de violencia -- Lazos que los unen -- Noviazgo y violencia -- ¡Alerta! ¡alerta! ¡tu novio te agrede! -- Mejor prevenir que lamentar -- Reflexiones -- El matrimonio -- Expectativas para el matrimonio -- Acuerdos para establecer límites -- Distanciamiento entre la pareja -- Tipología de algunas parejas -- Situaciones que generan conflictos -- Sentimientos -- Las posesiones -- Descalificación -- Los celos -- Separación -- Separación y conducta -- El apego efectivo -- Formas de encubrir y solapar el maltrato -- Ayudas contra el apego -- Cómo librarse del apego -- Recomendaciones para el sexo femenino -- ¿Cómo identificar al lobo bajo la piel de cordero? -- Tipología masculina negativa -- Cuidado femenino -- Recomendaciones para el sexo masculino -- Tipología femenina negativa -- Hombres y más hombres -- Tipos de hombres -- Testimonios de vida -- Comentarios finales.
526 _aP202
526 _aP201
526 _aP163
526 _aP162
526 _aP161
526 _aP160
526 _aP148
526 _aP147
526 _aP146
526 _aP145
526 _aP144
526 _aP143
526 _aP142
526 _aP141
526 _aP140
526 _aP139
526 _aP138
526 _aP137
526 _aP136
526 _aP135
526 _aP134
526 _aP133
526 _aP129
526 _aP128
526 _aP127
526 _aP120
526 _aP119
526 _aP118
526 _aP116
526 _aP115
526 _aP114
526 _aP110
526 _aP109
526 _aP108
526 _aP104
526 _aP103
526 _aP102
526 _aP99
526 _aP98
526 _aP97
526 _aP96
526 _aP95
526 _aP93
526 _aP90
526 _aP89
526 _aP88
526 _aP83
526 _aP82
526 _aP62
526 _aP59
526 _aP58
526 _aP57
526 _aP51
526 _aP49
526 _aP48
526 _aP47
526 _aP29
526 _aP24
526 _aP20
526 _aP19
526 _aP17
526 _aP15
526 _aP14
526 _aP12
526 _aP10
526 _aP09
526 _aP08
526 _aP07
526 _aP06
526 _aP05
526 _aP04
526 _aP01
541 _gF002-00000786;
650 0 4 _aViolencia en la familia.
_2embne
910 _adbm
_bjpc
_cjpc
_d20190110
942 _2ddc
_cBOOK
994 _aC0
_bPEPRU
596 _a1
999 _a362.8292 S23
_wDEWEY
_c30760
_i79677
_d30760
_e2019-11-5
_f2021-11-3
_g3
_lCCODEBUL1
_mBUL
_n2
_p21.00
_q3
_r0
_sY
_tBOOK
_u2019-1-10
_xSALUD
_zP33
_0COMPRA
_1FCOMPR2
_o.STAFF. Colección Ciencias de la Salud
980 _81
_gALBERTO SANCHEZ Responsable de Automatización